Die Herkunft der Allophone und Allomorphe im Türkischen ein Beitrag zur türkischen Morphonologie /

Elmentve itt :
Bibliográfiai részletek
Szerző: Pricak Omelân
Dokumentumtípus: Cikk
Megjelent: Harrassowitz Wiesbaden 1961
Sorozat:Ural-Altaische Jahrbücher : Fortsetzung der "Ungarischen Jahrbücher" = Ural-Altaic yearbook
Kulcsszavak:Török nyelv - hangtan, Török nyelv - alaktan
Tárgyszavak:
Online Access:http://misc.bibl.u-szeged.hu/62017
LEADER 00924nab a2200229 i 4500
001 misc62017
005 20230301140600.0
008 230203s1961 hu o 0|| ger d
040 |a SZTE Miscellanea Repozitórium  |b hun 
041 |a ger 
100 1 |a Pricak Omelân 
245 1 4 |a Die Herkunft der Allophone und Allomorphe im Türkischen   |h [elektronikus dokumentum] :  |b ein Beitrag zur türkischen Morphonologie /  |c  Pricak Omelân 
260 |a Harrassowitz  |b Wiesbaden  |c 1961 
300 |a 142-145  |c 24 cm 
300 |a [4] p.  |c 24 cm 
490 0 |a Ural-Altaische Jahrbücher : Fortsetzung der "Ungarischen Jahrbücher" = Ural-Altaic yearbook 
561 |a Németh Gyula hagyaték 
591 |a LOA 2916; NOA 4708 
650 4 |a Bölcsészettudományok 
650 4 |a Nyelvek és irodalom 
695 |a Török nyelv - hangtan, Török nyelv - alaktan 
856 4 0 |u http://misc.bibl.u-szeged.hu/62017/1/4708_noa.pdf  |z Dokumentum-elérés